| 000 | 00513nam a2200205Ia 4500 | ||
|---|---|---|---|
| 005 | 20250923144826.0 | ||
| 008 | 008 250917s9999 xx 000 0 eng d | ||
| 037 | _aTextual | ||
| 040 |
_aDSWL _beng _cDSWL |
||
| 041 |
_aeng _2eng |
||
| 084 | _qDSWL | ||
| 100 |
_aWeber, Max _9828814 |
||
| 245 | 0 |
_aBasic concept of sociology _cby Max Weber |
|
| 260 |
_aLondon _bPeterOwen _c1962 |
||
| 300 | _a123p. | ||
| 365 |
_aINR _b22 |
||
| 925 | _g22 | ||
| 942 | _cTEXL | ||
| 999 |
_c1443827 _d1443827 |
||